000 01058nam a2200301 i 4500
001 000027111
003 DO-SdBNP
005 20250319140636.0
007 ta
008 110329s1991 dr ac 000 | spa d
040 _aDO-SdBNP
_bspa
_cBNPHU
_erda
041 _aspa
082 4 _a926.1
_bD542d
_222
100 1 _aDíaz, José,
_eautor
_4aut.
_99448
245 1 0 _aDiario de un pasante /
_cJosé Díaz ; prólogo, Narciso González M.
264 1 _aSanto Domingo :
_bEditora Amigo del Hogar,
_c1991.
300 _a150 páginas :
_bilustraciones, retratos ;
_c22 cm.
336 _atexto
_btxt
_2rdacontent
337 _asin mediación
_bn
_2rdamedia
338 _avolumen
_bnc
_2rdacarrier
590 _aInventariado, 2021/MFF
650 4 _aMédicos
_zRepública Dominicana
_vBiografías
_973452
651 4 _aRepública Dominicana
_xDescripciones y viajes
_91651
651 4 _aRepública Dominicana
_xCondiciones rurales
_99403
700 1 _aGonzález M., Narciso,
_eprologuista
_4pr.
_99449
910 _aValidado. Control de calidad MFF
942 _2ddc
_cLBS1
999 _c26603
_d26603